Lengua española 7 : (Registro nro. 9503)

Detalles MARC
000 -LEADER
fixed length control field 01339nam a2200337 a 4500
001 - CONTROL NUMBER
control field 000013498
003 - CONTROL NUMBER IDENTIFIER
control field DO-SdBNP
005 - DATE AND TIME OF LATEST TRANSACTION
control field 20160607100425.0
007 - PHYSICAL DESCRIPTION FIXED FIELD--GENERAL INFORMATION
fixed length control field 000013498
008 - FIXED-LENGTH DATA ELEMENTS--GENERAL INFORMATION
fixed length control field 150130s2012 dr ac 000 0 spa d
020 ## - INTERNATIONAL STANDARD BOOK NUMBER
International Standard Book Number 9789945173987
040 ## - CATALOGING SOURCE
Original cataloging agency BPMSU
Language of cataloging spa
Transcribing agency BPMSU
092 ## - LOCALLY ASSIGNED DEWEY CALL NUMBER (OCLC)
Classification number xxxx
Item number xxxx
245 00 - TITLE STATEMENT
Title Lengua española 7 :
Remainder of title educación básica /
Statement of responsibility, etc. coordinación editorial Anna Rogero Soler ; ilustraciones Ricardo Rossi...[et al].
260 ## - PUBLICATION, DISTRIBUTION, ETC. (IMPRINT)
Place of publication, distribution, etc. Santo Domingo :
Name of publisher, distributor, etc. SM,
Date of publication, distribution, etc. 2012.
300 ## - PHYSICAL DESCRIPTION
Extent 199 p. :
Other physical details il., retrs. ;
Dimensions 29 cm.
490 1# - SERIES STATEMENT
Series statement Proyecto Sé
505 1# - FORMATTED CONTENTS NOTE
Title Te contaré sobre mí --
-- Mi voz entre tantas otras --
-- Dos son más que uno --
-- ...¿y por qué? --
-- Soñar para creer --
-- Soy responsable --
-- Abajo las fronteras --
-- Leer nos hace grandes --
-- Hoy por ti... --
-- El mundo en mis manos.
700 12 - ADDED ENTRY--PERSONAL NAME
Personal name Rogero Soler, Anna,
Relator term ed.
700 12 - ADDED ENTRY--PERSONAL NAME
Personal name Rossi, Ricardo,
Relator term il.
700 12 - ADDED ENTRY--PERSONAL NAME
Personal name Mazali, Gustavo,
Relator term il.
830 #0 - SERIES ADDED ENTRY--UNIFORM TITLE
Name of part/section of a work Proyecto Sé
930 #1 - EQUIVALENCE OR CROSS-REFERENCE-UNIFORM TITLE HEADING [LOCAL, CANADA]
Language of a work BND01
Medium of performance for music LF1
Field link and sequence number 20091125
Date of a work 01
Name of part/section of a work OI
Miscellaneous information 8374
930 #1 - EQUIVALENCE OR CROSS-REFERENCE-UNIFORM TITLE HEADING [LOCAL, CANADA]
Language of a work BND01
Medium of performance for music LF1
Field link and sequence number 20091125
Date of a work 01
Name of part/section of a work HD
Miscellaneous information 8373
930 #1 - EQUIVALENCE OR CROSS-REFERENCE-UNIFORM TITLE HEADING [LOCAL, CANADA]
Language of a work BND01
Medium of performance for music LF1
Field link and sequence number 20091125
Date of a work 01
Name of part/section of a work OI
Miscellaneous information 8373
942 ## - ADDED ENTRY ELEMENTS (KOHA)
Source of classification or shelving scheme Dewey Decimal Classification
Koha item type Libros
956 ## - LOCAL ELECTRONIC LOCATION AND ACCESS (OCLC)
Host name JPARRA
Access number 10
Compression information 20091125
Logon BND01
Processor of request 1005
956 ## - LOCAL ELECTRONIC LOCATION AND ACCESS (OCLC)
Host name YLOCKWARD
Access number 10
Compression information 20150803
Logon BND01
Processor of request 1349
956 ## - LOCAL ELECTRONIC LOCATION AND ACCESS (OCLC)
Host name VMATEO
Access number 10
Compression information 20150805
Logon BPMSU
Processor of request 00151
956 ## - LOCAL ELECTRONIC LOCATION AND ACCESS (OCLC)
Host name LOPEREZ
Access number 10
Compression information 20161105
Logon BPMSU
Processor of request 00041
Existencias
Withdrawn status Lost status Source of classification or shelving scheme Damaged status Not for loan Collection code Home library Current library Date acquired Total Checkouts Barcode Date last seen Price effective from Koha item type
    Dewey Decimal Classification       Biblioteca Pública Metropolitana Salomé Ureña Biblioteca Pública Metropolitana Salomé Ureña 04/01/2016   BPMSU16040020 04/01/2016 04/01/2016 Libros